000 01468nam a22003977a 4500
001 00346
003 DO-SdBNP
005 20180307115232.0
007 00346
008 160510b dr 2004 ||||| |||| 00| 0 spa d
020 _a9788466738940
040 _aBPMSU
_bspa
_cBPMSU
082 0 4 _a373.6561
_bM534f 4to. 2004
100 1 _aMena Mañon, Juan Francisco
245 1 0 _aFísica 4 :
_beducación media /
_cJuan Francisco Mena Mañón ; edición Raquel Mancheño, Pilar Vargas
260 _aSanto Domingo :
_bAnaya República Dominicana,
_c2004.
300 _a192 p. :
_bil. ;
_c28 cm.
504 _aBibliografías : p. 192
505 _tPrincipio de conservación --
_tTermodinámica --
_tElectricidad y magnetismo --
_tFísica aplicada --
_tFísica moderna --
_tAstrofísica --
_tElectrónica.
650 4 _aFÍSICA
_xENSEÑANZA SECUNDARIA
650 4 _aFÍSICA
_xEDUCACIÓN SECUNDARIA
650 4 _aFÍSICA
_xLIBROS DE TEXTOS
650 4 _aFÍSICA
_xESTUDIOS Y EJERCICIOS
650 4 _aEDUCACIÓN SECUNDARIA
_zREPÚBLICA DOMINICANA
650 4 _aFÍSICA
_xENSEÑANZA SECUNDARIA
650 4 _aFÍSICA
_xEDUCACIÓN SECUNDARIA
650 4 _aFÍSICA
_xLIBROS DE TEXTOS
650 4 _aFÍSICA
_xESTUDIOS Y EJERCICIOS
700 1 _aMancheño, Raquel
_eed.
700 1 _aVargas, Pilar
_eed.
830 0 _aAnaya
910 _aValidado. Control de calidad MFF
942 _2ddc
_cBK
945 _ainventariado, 2018 / dg
956 _aBTAVÁREZ
_b10
_c20160510
_d00346
999 _c10069
_d10069